00332nam a2200121Ia 4500008004100000041000800041082001200049100001900061245003700080260005000117300001900167520002400186240719s9999 xx 000 0 und d aeng a828 HAB aHabard, Ron L. aScintology Naya Nazariya jine ka aNew DehlibDenmark:New Era Publicationsc2009 a355.; p. 24 cm aGifted By : New era